00841nam a22002297a 450000100060000000300080000600500170001400800410003103500200007204000270009204100160011908200230013524501160015826000750027430000270034950000360037650400510041265000320046383000160049570000490051183000510056031246BD-RjUL20211209051657.0140413s1950 enk db 001 0 eng d a(BD-RjUL) 31333 aDLCcDLCbengdBD-RjUL1 aengplihpli04a294.382 bDHA 196814aThe Dhammapada :bwith introductory essays, Pà„li text, English translation, and notes /cby S. Radhakrishnan. aLondon ;aNew York :bOxford University Press,c1950. [Reprinted 1968] aviii, 194 p. ;c18 cm. aMaster microform held by: ICRL. aIncludes bibliographical references and index. a Buddhism -- Sacred books.  0vitem 07123.1 aRadhakrishnan, S.q(Sarvepalli),d1888-1975. 0aSAMP early 20th-century Indian books project ;